Vista normal
Vista MARC
Entrada Nombre personal
Número de registros utilizados en: 22
001 - NÚMERO DE CONTROL
- Campo de control: 16114
003 - IDENTIFICADOR DE NÚMERO DE CONTROL
- Campo de control: ES-MaCES
005 - FECHA Y HORA DE LA ULTIMA MODIFICACION
- Campo de control: 19990422175100.0
008 - ELEMENTOS DE DATOS DE LONGITUD FIJA
- Campo de longitud fija: 981125 | azznnaabn |n aaa d
035 ## - NÚMERO DE CONTROL DEL SISTEMA
- Número de control del sistema: CES19980080738n
040 ## - FUENTE DE LA CATALOGACIÓN
- Agencia original de catalogación: ES-MaCES
- Idioma de catalogación: spa
- Agencia de transcripción: ES-MaCES
100 1# - ENCABEZAMIENTO--NOMBRE DE PERSONA
- Nombre personal: Lama-Noriega Cardús, Enrique de la
901 ## - CES. DATOS SIRTEX
- ID Sirtex (N5N8): 0001500008073
- 005BIS Sirtex: 199811251410BATCH1

